000
00336nam a2200145Ia 4500
008
150201s2003 xx 000 0 und d
082
_a
612
_b
P2003P
100
_a
PANDA U.N.
245
_a
PHYSIOLOGY FOR DENTAL STUDENTS
250
_a
1ST
260
_b
AITBS
_a
DELHI
_c
2003
300
_a
1-176
650
_a
PHYSIOLOGY
942
_2
ddc
_c
BK
999
_c
3046
_d
3046